| 000 | 00700nam a22002055i 4500 | ||
|---|---|---|---|
| 001 | 162517 | ||
| 003 | ES-MaACL | ||
| 005 | 20250731030200.0 | ||
| 008 | 000412s1896 fr a |||| | fre d | ||
| 040 |
_aCAM _bspa _cCAM |
||
| 100 | 1 |
_aPradès, F. _9131341 |
|
| 245 | 1 | 0 |
_aAgriculture / _cpar F. Pradès. |
| 260 |
_aParis : _bV\pve\s Ch. Dunod et P. Vicq, éditeurs, _c1896 ( _eTours : _fDeslis Frères) |
||
| 300 |
_aVIII, 423 p. : _bil. ; _c19 cm. |
||
| 490 | 1 | _aBibliothèque du conducteur de travaux publics | |
| 650 | 0 | 7 |
_aAgricultura _2embne _99670 |
| 830 | 0 |
_aBibliothèque du conducteur de travaux publics _9180955 |
|
| 852 |
_aES-MaACL _jF-2072 _z-- Enc. piel |
||
| 999 |
_c162517 _d162517 |
||